Estadísticas para Países con el Mayor Número de Sitios de Patrimonio Mundial de UNESCO

Haz click aquí para tomar la prueba!

Estadísticas generales

  • Esta prueba ha sido tomada 1.061 veces
  • La puntuación promedio es 21 de 25

Estadísticas de respuestas

#País% Correcto
46España
98%
50China
98%
53Italia
97%
43Francia
97%
23Estados Unidos
97%
26Rusia
96%
34México
96%
21Brasil
92%
20Japón
92%
41Alemania
92%
30Reino Unido
90%
35India
89%
18Canadá
89%
19Australia
84%
18Grecia
83%
14Polonia
77%
16Turquía
76%
12Perú
75%
15Portugal
72%
15Suecia
71%
12Suiza
69%
22Irán
64%
12Corea del Sur
59%
12Bélgica
57%
12República Checa
49%

Distribución de puntuación

Porcentaje por número respondido

Porcentaje de gente con cada puntuación

Historial de tus puntuaciones

No has tomado esta prueba